000 01766nam a2200241Ia 4500
008 260220t1988||||xx |||||||||||||| ||spa||
040 _aPY-SlUNAC
_bspa
_erda
041 _aspa
082 _a574.88
_bF882f
100 _aFreifelder, David
_eAutor
245 0 _aFundamentos de biología molecular /
_cpor David Freifelder [Autor]
264 _aZaragoza :
_bAcribia,
_c℗1988.
300 _a1 volumen
520 _a"Fundamentos de biología molecular" de David Freifelder es una obra fundamental que aborda los principios y conceptos clave de la biología molecular, un campo que ha revolucionado nuestra comprensión de los procesos biológicos a nivel molecular. El texto se estructura en varias secciones que explican la estructura del ADN, la síntesis de proteínas, la regulación genética y las técnicas experimentales utilizadas en la biología molecular. Freifelder proporciona un enfoque claro y didáctico, combinando teoría con ejemplos prácticos y experimentos que ilustran los conceptos discutidos. Además, se exploran las implicaciones de los avances en biología molecular para la genética, la biotecnología y la medicina. A través de un lenguaje accesible, el autor logra que temas complejos sean comprensibles, lo que lo convierte en un recurso valioso tanto para estudiantes como para profesionales en el campo de las ciencias biológicas. La obra es considerada una referencia esencial para quienes buscan una comprensión profunda de la biología molecular y sus aplicaciones.
653 _aBiología
653 _aBiología molecular
653 _aGenética
942 _b2026/02/17
_cBK
999 _c8172
_d8172